000 00635nam a22001697a 4500
008 160908b xxu||||| |||| 00| 0 eng d
050 _aBX3747.Z3 K19
245 _aKatondwe:
_bthe Polish Mission of Luangwa in Northern Rhodesia (Zambia)
_cEdited by Edward Murphy and translated by Jan Kielbasa
260 _aLusaka
_bJesuit Province of Zambia/Malawi
_c2016
300 _a283p. ;
_c21cm.
500 _aComputer printout
650 _aJesuits in Zambia
_xHistory
_911147
650 _aLuangwa Mission (Zambia)
_xHistory
_925605
700 _aMurphy, Edward
_eed.
_927224
700 _aKielbasa, Jan
_etr.
_927225
942 _2lcc
_cMONOGRAPH
999 _c125188
_d125188